Statystyki dla Znani ludzie według inicjałów - imiona na "H"

Kliknij tutaj aby rozwiązać quiz!

Ogólne statystyki

  • Ten quiz został rozwiązany 208 razy
  • Średni wynik to 10 z 18

Statystyki odpowiedzi

InicjałyKim jest ta osoba?Odpowiedź% Poprawnych
HUPolski dziennikarz, prowadzący polską wersję MilionerówHubert Urbański
97%
HSPolski pisarz, autor dzieł takich jak "Krzyżacy" i "Quo vadis"Henryk Sienkiewicz
93%
HADuński pisarz, twórca wielu baśniHans Christian Andersen
92%
HCAmerykańska polityk, sekretarz stanu USA, żona jednego z byłych prezydentówHillary Clinton
87%
HFAmerykański aktor, odtwórca m.in. ról Indiany Jonesa i Hana Solo w "Gwiezdnych wojnach"Harrison Ford
75%
HKAngielski piłkarz, król strzelców Mistrzostw Świata w 2018 r.Harry Kane
74%
HTAmerykański polityk, prezydent USA w latach 1945-1953Harry Truman
59%
HBNiemiecki krawiec, założyciel firmy odzieżowej nazwanej jego imieniem i nazwiskiemHugo Boss
58%
HGAngielski aktor i producent filmowy, znany z ról w filmach "Dziennik Bridget Jones" czy "Cztery wesela i pogrzeb"Hugh Grant
56%
HLSzwedzki piłkarz, w swojej karierze grał m.in. w PSV, Celticu i BarcelonieHenrik Larsson
54%
HHAmerykański dziennikarz, założyciel PlayboyaHugh Hefner
54%
HZNiemiecki kompozytor, zdobywca Oscara za ścieżkę dźwiękową do "Króla Lwa"Hans Zimmer
50%
HJAustralijsko-brytyjski aktor, odtwórca roli Wolverine'a w serii X-MenHugh Jackman
45%
HWPolski kompozytor i skrzypek, twórca mazurków i polonezów, jeden z najwybitniejszych polskich muzyków XIX w.Henryk Wieniawski
32%
HMEgipski polityk, wieloletni prezydent EgiptuHosni Mubarak
22%
HONigeryjsko-amerykański koszykarz, dwukrotny mistrz NBA w barwach Houston RocketsHakeem Olajuwon
8%
HDAngielski aktor, znany z roli agenta Willa Grahama w serialu "Hannibal"Hugh Dancy
3%
HYJapoński biznesmen, wieloletni dyrektor firmy NintendoHiroshi Yamauchi
2%

Rozkład punktacji

Percentyl według liczby udzielonych odpowiedzi

Procent ludzi z każdym wynikiem

Twoja historia wyników

Nie rozwiązałeś tego quizu